GETS Theological Seminary Library

Interpretation of Christian ethics (Record no. 50897)

MARC details
000 -LEADER
fixed length control field 00766nam a2200157Ia 4500
008 - FIXED-LENGTH DATA ELEMENTS--GENERAL INFORMATION
fixed length control field 231221s9999 xx 000 0 und d
041 ## - LANGUAGE CODE
Language code of text/sound track or separate title eng
050 ## - LIBRARY OF CONGRESS CALL NUMBER
Classification number BJ1251
Item number .N5 1935
100 ## - MAIN ENTRY--PERSONAL NAME
Personal name Niebuhr, Reinhold
245 #0 - TITLE STATEMENT
Title Interpretation of Christian ethics
Remainder of title /
Statement of responsibility, etc. Reinhold Niebuhr
260 ## - PUBLICATION, DISTRIBUTION, ETC.
Place of publication, distribution, etc. New York:
Name of publisher, distributor, etc. Harper & Brothers, 
Date of publication, distribution, etc. 1935
300 ## - PHYSICAL DESCRIPTION
Extent xxxii, 244 p.
Other physical details ;
Dimensions 23 cm.
505 ## - FORMATTED CONTENTS NOTE
Formatted contents note An independent Christian ethic -- The ethic of Jesus -- The Christian conception of sin -- The relevance of an impossible ethical ideal -- The law of love in politics and economics -- Love as a possibility for the individual -- Love as forgiveness.
650 ## - SUBJECT ADDED ENTRY--TOPICAL TERM
Topical term or geographic name entry element Amour Aspect religieux Christianisme.Christian ethics.Love Religious aspects Christianity.
Holdings
Withdrawn status Lost status Damaged status Not for loan Home library Current library Shelving location Date acquired Total Checkouts Full call number Barcode Date last seen Price effective from Koha item type
        GETS Theological Seminary Library GETS Theological Seminary Library   12/27/2023   BJ1251 .N5 1935 00032420 12/27/2023 12/27/2023 English Books
OpacCredits

Contact the Librarian, GETS Library
Email: library@mygets.org









Implemented by GETS Library
(Powered by ETCA Professional Group)
GETS Theological Seminary
412 E. Rowland Street, CA 91723